Villes d'Europe - Mort subite - Statistiques

Statistiques générales
  • Ce quiz a été pris 266 fois
    190 depuis la dernière actualisation
  • Le résultat moyen est 13 sur 21
Answers on the Grid
Answers color-coded by a green-red scale on the quiz's grid according to % correct below.
Bamako
Bergen
Brno
Cádiz
Cagliari
Cluj-Napoca
Colmar
Debrecen
Durban
Dushanbe
Gdańsk
Halifax
Harbin
Hobart
Iquique
Kaunas
Kosice
La Paz
Lahore
Liège
Ljubljana
Malmö
Manaus
Monterrey
Nantes
Nouméa
Osaka
Port Harcourt
Reykjavík
Split
Suva
Tartu
Toulouse
Trieste
Turin
Ulan Bator
 
Statistiques - réponses
Réponse % Correct
Colmar
87%
Liège
85%
Nantes
84%
Toulouse
84%
Turin
81%
Cagliari
80%
Reykjavík
80%
Cádiz
77%
Ljubljana
77%
Malmö
69%
Bergen
65%
Gdańsk
60%
Split
55%
Brno
53%
Trieste
52%
Cluj-Napoca
46%
Debrecen
40%
Kaunas
33%
Kosice
31%
Halifax
19%
Tartu
17%
Aucun quiz correspondant
Distribution des résultats
% des personnes avec chaque résultat
Percentile par nombre de réponses
Votre historique - résultats
Vous n’avez pas pris ce quiz depuis la dernière actualisation